LEADER 00402nab a2200145 i 4500 001 000000280070 003 CaOOAMICUS 005 20190401161009.0 008 131030n xx uu u0 0und r 013 $a31866 040 $aSeMil$bita 245 10$aOctober. 773 0 $t[2013.$dOxford : Oxford University Press, copyr. 2013.$w()220285 996 $6245$aOctober$9(OLS)http://semarc/title/421190 LEADER 00445naa a2200133 i 4500 001 000000295563 003 CaOOAMICUS 005 20180831172528.0 008 180831n xx u000 u und u 013 $a2857 040 $aSeMil$bita 100 1 $aHasitschka, Martin .$0(OLS)http://semarc/name/48075 245 10$aBefreiung von Sünde nach dem Johannesevangelium. 996 $6245$aBefreiung von Sünde nach dem Johannesevangelium$9(OLS)http://semarc/title/371619